<?xml version="1.0" encoding="UTF-8"?>
<record
    xmlns:xsi="http://www.w3.org/2001/XMLSchema-instance"
    xsi:schemaLocation="http://www.loc.gov/MARC21/slim http://www.loc.gov/standards/marcxml/schema/MARC21slim.xsd"
    xmlns="http://www.loc.gov/MARC21/slim">

  <leader>00996nam a2200145   4500</leader>
  <controlfield tag="008">708 M999p</controlfield>
  <datafield tag="082" ind1=" " ind2=" ">
    <subfield code="a">708</subfield>
    <subfield code="b">M999p</subfield>
  </datafield>
  <datafield tag="100" ind1=" " ind2=" ">
    <subfield code="a">Marxuach, Michelle</subfield>
    <subfield code="9">7033</subfield>
  </datafield>
  <datafield tag="245" ind1=" " ind2=" ">
    <subfield code="a">Puerto Rico`00 [Par&#xE9;ntesis en la &#xA8;ciudad&#xA8;]</subfield>
  </datafield>
  <datafield tag="260" ind1=" " ind2=" ">
    <subfield code="a">Puerto Rico</subfield>
    <subfield code="b">M&amp;M Proyectos</subfield>
    <subfield code="b">agn&#xE8;s b. </subfield>
    <subfield code="c">2001</subfield>
  </datafield>
  <datafield tag="300" ind1=" " ind2=" ">
    <subfield code="a">255 p.</subfield>
    <subfield code="b">il (col)</subfield>
    <subfield code="c">23 x 17 cm </subfield>
  </datafield>
  <datafield tag="505" ind1=" " ind2=" ">
    <subfield code="t">M&#xFA;ltiples / Papers</subfield>
    <subfield code="r">Mar&#xED;a In&#xE9;s Rodr&#xED;guez </subfield>
    <subfield code="t">Im&#xE1;genes m&#xFA;ltiples</subfield>
    <subfield code="r">Virginia P&#xE9;rez Ratton </subfield>
    <subfield code="t">Disidencias y rupturas</subfield>
    <subfield code="r">Maria Llu&#xEF;sa Borr&#xE0;s</subfield>
    <subfield code="t">Escenificando la a/puesta</subfield>
    <subfield code="r">Michelle Marxuach </subfield>
    <subfield code="t">Contra el muro </subfield>
    <subfield code="r">Guillermo Santamarina </subfield>
    <subfield code="t">Endurance </subfield>
    <subfield code="r">Exit Art: Jannette Ingberman y Papo Colo</subfield>
    <subfield code="t">Intervenciones urbanas </subfield>
    <subfield code="r">Michelle Marxuach / Dean Daderko / Fernando Castro / Guillermo Santamarina </subfield>
    <subfield code="t">Un oasis en el desierto </subfield>
    <subfield code="r">Michelle Marxuach / Mercedes Trelles </subfield>
    <subfield code="t">U/topias</subfield>
    <subfield code="r">Michelle Marxuach</subfield>
    <subfield code="t">Album</subfield>
    <subfield code="t">Recuento del evento </subfield>
    <subfield code="t">Simposium </subfield>
    <subfield code="t">English texts</subfield>
  </datafield>
  <datafield tag="650" ind1=" " ind2=" ">
    <subfield code="x">arte contempor&#xE1;neo </subfield>
    <subfield code="x">arte - Puerto Rico</subfield>
    <subfield code="x">arte - proyectos independientes </subfield>
    <subfield code="9">7034</subfield>
  </datafield>
  <datafield tag="700" ind1=" " ind2=" ">
    <subfield code="a">Zaya, Antonio </subfield>
    <subfield code="9">5799</subfield>
  </datafield>
  <datafield tag="999" ind1=" " ind2=" ">
    <subfield code="c">1783</subfield>
    <subfield code="d">1783</subfield>
  </datafield>
  <datafield tag="952" ind1=" " ind2=" ">
    <subfield code="0">0</subfield>
    <subfield code="1">0</subfield>
    <subfield code="2">ddc</subfield>
    <subfield code="4">0</subfield>
    <subfield code="7">0</subfield>
    <subfield code="a">LV</subfield>
    <subfield code="b">LV</subfield>
    <subfield code="c">Pensamiento</subfield>
    <subfield code="d">2019-05-11</subfield>
    <subfield code="l">0</subfield>
    <subfield code="o">708 M999p</subfield>
    <subfield code="p">001708</subfield>
    <subfield code="r">2019-05-11 00:00:00</subfield>
    <subfield code="w">2019-05-11</subfield>
    <subfield code="y">01</subfield>
  </datafield>
</record>
